Score 0/39 Timer 04:00
0 Plays Today
Clue 3-Letter Word % Correct
Not goodBAD
96.5%
Raise your hand at an auctionBID
94.6%
1988 Tom Hanks comedyBIG
92.2%
PurseBAG
91.4%
2003 Will Ferrell Christmas flickELF
88.4%
Female pigSOW
88.2%
DroopSAG
88%
Questioning wordHOW
86.7%
Warm in temperatureHOT
86.6%
Paintings and sculpture, e.g.ART
85.9%
Slithering fishEEL
83.2%
Stimpy's TV partnerREN
83.1%
2004 Cary Elwes horror flickSAW
83%
Make a quick noteJOT
82%
Sheltered body of waterBAY
81.9%
An E.T. from 80s TVALF
78.9%
One of Attila's invadersHUN
77.6%
2004 Jamie Foxx biopicRAY
76.1%
TV anchor RatherDAN
75.1%
A wing of a buildingELL
74.8%
Clue 3-Letter Word % Correct
2001 Will Smith biopicALI
70.2%
1986 Tom Cruise, with [Last Rung]TOP
70.1%
Surface for a mousePAD
70.1%
A serving of butterPAT
69.7%
Mr. OnassisARI
69.6%
2011 James Marsden Easter flickHOP
69.6%
1986 Tom Cruise, with [First Rung]GUN
68.7%
1985 Akira Kurosawa classicRAN
68.1%
2010 Bruce Willis action flickRED
67.9%
2012 Mark Wahlberg comedyTED
67.7%
1989 Jack Lemmon father flickDAD
66.5%
1979 Bo Derek comedyTEN
65.9%
Night, in a poemE'EN
59.6%
A deep holePIT
55.2%
A small islandAIT
47.8%
2013 Joseph Gordon-Levitt...DON
45%
... comedy, with [Prev. Rung]JON
44.5%
1963 Paul Newman westernHUD
41.9%
A carrier of bricksHOD
41.4%

Today's Daily Dose

Remove Ads.
Support Sporcle.
Get the best of Sporcle when you Go Orange. This ad-free experience offers more features, more stats, and more fun while also helping to support Sporcle. Thank you for becoming a member.

You're not logged in!

Compare scores with friends on all Sporcle quizzes.
OR
Log In

Show Comments

Extras

Top Quizzes Today


Score Distribution

Your Account Isn't Verified!

In order to create a playlist on Sporcle, you need to verify the email address you used during registration. Go to your Sporcle Settings to finish the process.

Report this User

Report this user for behavior that violates our Community Guidelines.

Details: